Statistics for Philippines Airlines Destinations-Manila

Click here to take the quiz!

General Stats

  • This quiz has been taken 61 times
  • The average score is 33 of 63

Answer Stats

Country Airport % Correct
JapanTokyo-Narita
87%
AustraliaSydney
87%
JapanTokyo-Haneda
87%
South KoreaSeoul
87%
SingaporeSingapore
84%
UAEDubai
82%
USALos Angeles
82%
USANew York
82%
CanadaToronto
82%
ChinaBeijing
82%
PhilippinesCebu
80%
TaiwanTaipei
78%
Hong KongHong Kong
78%
IndonesiaJakarta
78%
AustraliaMelbourne
78%
UKLondon-Heathrow
78%
MacauMacau
76%
IndiaDelhi
76%
JapanOsaka
76%
ThailandBangkok
76%
Saudi ArabiaRiyadh
73%
VietnamHo Chi Minh City
73%
ChinaShanghai
73%
USASan Francisco
73%
CanadaVancouver
73%
VietnamHanoi
73%
QatarDoha
73%
MalaysiaKuala Lumpur
67%
New ZealandAuckland
64%
ChinaGuangzhou
64%
South KoreaBusan
60%
PhilippinesDavao
60%
CambodiaPhnom Penh
60%
AustraliaBrisbane
58%
IndonesiaDenpasar
58%
JapanSapporo
58%
South KoreaJeju
53%
ChinaXiamen
51%
JapanFukuoka
49%
Papua New GuineaPort Moresby
47%
Saudi ArabiaDammam
47%
USAHonolulu
44%
JapanNagoya
44%
PhilippinesZamboanga
31%
PhilippinesCaticlan
22%
PhilippinesPuerto Princesa
22%
PhilippinesTacloban
22%
PhilippinesIloilo
22%
PhilippinesBacolod City
18%
PhilippinesGeneral Santos
18%
USAGuam
18%
PhilippinesLaoag City
18%
PhilippinesLegazpi
16%
PhilippinesKalibo
16%
PhilippinesDumaguete City
13%
PhilippinesButuan
13%
PhilippinesCagayan de Oro
11%
PhilippinesDipolog
7%
ChinaQuanzhou
7%
PhilippinesPanglao
7%
PhilippinesCotabato
2%
PhilippinesRoxas City
2%
PhilippinesOzamiz
2%

Score Distribution

Percentile by Number Answered

Percent of People with Each Score

Your Score History

You have not taken this quiz